L'Ancienne Egypte : L'extraordinaire aventure amarnienne /

محفوظ في:

المؤلف الرئيسي: Desroches-Noblecourt, Christiane, 1913-2011 (مؤلف)

مؤلفون آخرون: Kenett, F. L.

التنسيق: كتاب

اللغة: French

سلاسل: Histoire Mondiale de la Sculpture.

الموضوعات:

الوسوم: إضافة وسم

لا توجد وسوم, كن أول من يضع وسما على هذه التسجيلة!

رقم الطلب: (O.S.)NB75 .D435 1960

LEADER 01042namaa2200289 4500
001 18165
003 OSt
005 20210110083321.0
008 130303s1960 fr f g 000 0 fre d
952 |0 0  |1 0  |2 lcc  |4 0  |7 1  |9 9311  |a ARCE  |b ARCE  |d 2021-01-10  |l 0  |o (O.S.)NB75 .D435 1960  |r 2021-01-10 00:00:00  |w 2021-01-10  |y BK 
999 |c 17695  |d 17695 
040 |c ARCE Library 
043 |a f-ua--- 
050 0 4 |a (O.S.)NB75 .D435 1960 
100 1 |a Desroches-Noblecourt, Christiane,  |d 1913-2011,  |e author 
245 1 2 |a L'Ancienne Egypte :  |b L'extraordinaire aventure amarnienne /  |c Christiane Desroches-Noblecourt ; photographies de F. L. Kenett. 
264 1 |a Paris :  |b Deux-Mondes,  |c [1960]. 
300 |a xv pages, 33 pages of plates ;  |c 38 cm. 
336 |a text  |b txt  |2 rdacontent 
337 |a unmediated  |b n  |2 rdamedia 
338 |a volume  |b nc  |2 rdacarrier 
490 0 |a Histoire Mondiale de la Sculpture. 
650 0 |a Sculpture, Egyptian, 
651 0 |a Egyp  |x Antiquities. 
700 1 |a Kenett, F. L.  |q (Fred Leslie)  |9 33741 
901 |a reviewed 
942 |c BK  |2 lcc